[Event "DEM U18w 2021"]
[Site "Willingen GER"]
[Date "2021.08.29"]
[Round "9"]
[White "Schilay, Maria"]
[Black "Falke, Ornella"]
[Result "1/2-1/2"]
[Termination "normal"]
[Board "7"]
[WhiteElo "1481"]
[BlackElo "1674"]
[WhiteClock "00:08:30"]
[BlackClock "00:29:29"]
[PlyCount "103"]
[WhiteFideId "12942979"]
[BlackFideId "16207092"]
[EventCountry "GER"]
[EventRounds "9"]
[EventType "swiss"]
[EventDate "2021.08.22"]

1. e4 {[%clk 1:30:54]} c6 {[%clk 1:30:49]} 2. Nf3 {[%clk 1:31:07]} d5 {[%clk
1:31:14]} 3. exd5 {[%clk 1:31:17]} cxd5 {[%clk 1:31:37]} 4. Ne5 {[%clk
1:31:25]} g6 {[%clk 1:29:30]} 5. d4 {[%clk 1:24:36]} Bg7 {[%clk 1:27:55]} 6.
Bb5+ {[%clk 1:21:42]} Nd7 {[%clk 1:28:11]} 7. c3 {[%clk 1:18:04]} a6 {[%clk
1:25:50]} 8. Bxd7+ {[%clk 1:16:32]} Bxd7 {[%clk 1:26:15]} 9. O-O {[%clk
1:15:49]} Nh6 {[%clk 1:23:27]} 10. Qf3 {[%clk 1:11:58]} Be6 {[%clk 1:23:01]}
11. Nd2 {[%clk 1:05:08]} O-O {[%clk 1:23:05]} 12. Nb3 {[%clk 1:04:24]} b6
{[%clk 1:21:30]} 13. Bf4 {[%clk 1:00:20]} Nf5 {[%clk 1:21:17]} 14. Rfe1 {[%clk
0:58:53]} Nd6 {[%clk 1:08:48]} 15. Nd2 {[%clk 0:52:08]} Re8 {[%clk 1:07:27]}
16. Bg3 {[%clk 0:44:36]} b5 {[%clk 1:04:04]} 17. Nd3 {[%clk 0:38:18]} Nc4
{[%clk 0:57:48]} 18. Nxc4 {[%clk 0:31:19]} dxc4 {[%clk 0:58:01]} 19. Nf4 {[%clk
0:27:41]} Bf5 {[%clk 0:53:05]} 20. Re2 {[%clk 0:20:19]} Ra7 {[%clk 0:47:40]}
21. Rae1 {[%clk 0:18:58]} Bc8 {[%clk 0:43:50]} 22. Bh4 {[%clk 0:15:32]} h6
{[%clk 0:42:29]} 23. Bg3 {[%clk 0:12:29]} Rd7 {[%clk 0:40:42]} 24. Re3 {[%clk
0:11:03]} Bb7 {[%clk 0:40:52]} 25. Qg4 {[%clk 0:08:59]} Kh7 {[%clk 0:38:16]}
26. h4 {[%clk 0:06:02]} h5 {[%clk 0:32:40]} 27. Qe2 {[%clk 0:03:58]} e6 {[%clk
0:30:52]} 28. Nh3 {[%clk 0:03:15]} Bh6 {[%clk 0:30:03]} 29. Re5 {[%clk
0:02:47]} Qb6 {[%clk 0:22:25]} 30. Bf4 {[%clk 0:02:17]} Bg7 {[%clk 0:20:32]}
31. Re3 {[%clk 0:01:49]} Bd5 {[%clk 0:19:42]} 32. Rg3 {[%clk 0:02:00]} b4
{[%clk 0:17:29]} 33. Be5 {[%clk 0:01:51]} bxc3 {[%clk 0:13:12]} 34. Bxg7 {[%clk
0:01:57]} cxb2 {[%clk 0:11:49]} 35. Qc2 {[%clk 0:01:17]} Kxg7 {[%clk 0:12:02]}
36. Nf4 {[%clk 0:01:31]} e5 {[%clk 0:10:28]} 37. Nxh5+ {[%clk 0:01:27]} Kf8
{[%clk 0:10:40]} 38. Rb1 {[%clk 0:00:36]} gxh5 {[%clk 0:09:03]} 39. dxe5 {[%clk
0:00:43]} Rb7 {[%clk 0:07:58]} 40. Rg5 {[%clk 0:00:53]} Qd4 {[%clk 0:06:55]}
41. Qh7 {[%clk 0:21:57]} Be4 {[%clk 0:34:31]} 42. Qh8+ {[%clk 0:18:39]} Ke7
{[%clk 0:34:55]} 43. Qf6+ {[%clk 0:18:40]} Kd7 {[%clk 0:32:34]} 44. e6+ {[%clk
0:18:21]} Kc7 {[%clk 0:30:45]} 45. Qxd4 {[%clk 0:18:24]} Bxb1 {[%clk 0:30:59]}
46. Qd7+ {[%clk 0:17:50]} Kb6 {[%clk 0:30:46]} 47. Qxe8 {[%clk 0:13:45]} Bg6
{[%clk 0:29:51]} 48. Qd8+ {[%clk 0:12:08]} Ka7 {[%clk 0:30:00]} 49. Qd4+ {[%clk
0:11:50]} Ka8 {[%clk 0:29:20]} 50. Qd8+ {[%clk 0:09:37]} Ka7 {[%clk 0:29:21]}
51. Qd4+ {[%clk 0:08:53]} Ka8 {[%clk 0:29:29]} 52. Qd8+ {[%clk 0:08:30]}
1/2-1/2

[Event "DEM U18w 2021"]
[Site "Willingen GER"]
[Date "2021.08.29"]
[Round "9"]
[White "Trams, Emma Joe"]
[Black "Schmidt, Antonia"]
[Result "0-1"]
[Termination "normal"]
[Board "8"]
[WhiteElo "1466"]
[BlackElo "1651"]
[WhiteClock "00:38:35"]
[BlackClock "00:16:07"]
[PlyCount "98"]
[WhiteFideId "16206517"]
[BlackFideId "16291280"]
[EventCountry "GER"]
[EventRounds "9"]
[EventType "swiss"]
[EventDate "2021.08.22"]

1. e4 {[%clk 1:30:58]} d6 {[%clk 1:30:59]} 2. d4 {[%clk 1:31:16]} Nf6 {[%clk
1:31:23]} 3. Nc3 {[%clk 1:31:39]} g6 {[%clk 1:31:48]} 4. Nf3 {[%clk 1:32:00]}
Bg7 {[%clk 1:32:09]} 5. Bd3 {[%clk 1:32:15]} c6 {[%clk 1:31:33]} 6. O-O {[%clk
1:32:27]} Qc7 {[%clk 1:31:05]} 7. Re1 {[%clk 1:32:09]} O-O {[%clk 1:31:22]} 8.
Bg5 {[%clk 1:31:26]} e5 {[%clk 1:30:16]} 9. dxe5 {[%clk 1:30:57]} dxe5 {[%clk
1:30:41]} 10. Qe2 {[%clk 1:30:45]} Nh5 {[%clk 1:27:54]} 11. Bc4 {[%clk
1:28:03]} h6 {[%clk 1:25:52]} 12. Be3 {[%clk 1:27:58]} Nf4 {[%clk 1:25:32]} 13.
Qd2 {[%clk 1:27:10]} Rd8 {[%clk 1:25:44]} 14. Qc1 {[%clk 1:27:11]} Bg4 {[%clk
1:23:06]} 15. Nh4 {[%clk 1:24:10]} Kh7 {[%clk 1:21:20]} 16. h3 {[%clk 1:22:43]}
Be6 {[%clk 1:11:40]} 17. Bxe6 {[%clk 1:21:54]} Nxe6 {[%clk 1:12:05]} 18. Rd1
{[%clk 1:21:31]} Nd7 {[%clk 1:11:44]} 19. Ne2 {[%clk 1:17:43]} Ndc5 {[%clk
1:09:07]} 20. Ng3 {[%clk 1:16:50]} Qe7 {[%clk 1:08:26]} 21. Nf3 {[%clk
1:16:36]} Nd4 {[%clk 1:08:21]} 22. Nd2 {[%clk 1:15:07]} h5 {[%clk 1:06:01]} 23.
c3 {[%clk 1:14:53]} Nd3 {[%clk 1:06:03]} 24. Qb1 {[%clk 1:14:29]} Ne6 {[%clk
1:05:46]} 25. Nf3 {[%clk 1:13:03]} Ndf4 {[%clk 1:05:05]} 26. Rxd8 {[%clk
1:11:01]} Qxd8 {[%clk 1:00:58]} 27. Qc2 {[%clk 1:10:07]} g5 {[%clk 0:58:07]}
28. Nf5 {[%clk 1:08:14]} Qf6 {[%clk 0:56:05]} 29. Nxg7 {[%clk 1:04:32]} Kxg7
{[%clk 0:55:57]} 30. Nh2 {[%clk 1:03:15]} g4 {[%clk 0:48:24]} 31. Qd1 {[%clk
0:53:27]} Rd8 {[%clk 0:46:47]} 32. Qf1 {[%clk 0:53:34]} Rh8 {[%clk 0:45:53]}
33. Bxa7 {[%clk 0:50:33]} Qg6 {[%clk 0:44:16]} 34. h4 {[%clk 0:46:22]} Qxe4
{[%clk 0:31:23]} 35. f3 {[%clk 0:45:25]} Qg6 {[%clk 0:26:11]} 36. g3 {[%clk
0:41:36]} gxf3 {[%clk 0:26:11]} 37. Qxf3 {[%clk 0:41:05]} e4 {[%clk 0:25:44]}
38. Qe3 {[%clk 0:40:49]} Rd8 {[%clk 0:25:09]} 39. Nf1 {[%clk 0:37:19]} Rd3
{[%clk 0:23:36]} 40. Qe1 {[%clk 0:37:13]} Qg4 {[%clk 0:17:22]} 41. Be3 {[%clk
0:30:42]} Nd5 {[%clk 0:29:38]} 42. Nh2 {[%clk 0:56:44]} Qg6 {[%clk 0:29:38]}
43. Nf1 {[%clk 0:55:01]} f5 {[%clk 0:22:56]} 44. Kh2 {[%clk 0:52:00]} Qg4
{[%clk 0:22:24]} 45. Qf2 {[%clk 0:50:09]} f4 {[%clk 0:19:19]} 46. gxf4 {[%clk
0:46:17]} Nexf4 {[%clk 0:17:21]} 47. Bd4+ {[%clk 0:45:01]} Kh7 {[%clk 0:16:46]}
48. Ne3 {[%clk 0:43:40]} Nxe3 {[%clk 0:16:57]} 49. Be5 {[%clk 0:38:35]} Nf1+
{[%clk 0:16:07]} 0-1

[Event "DEM U18w 2021"]
[Site "Willingen GER"]
[Date "2021.08.29"]
[Round "9"]
[White "Rudolph, Eva"]
[Black "Jacoby, Angelina"]
[Result "1-0"]
[Termination "normal"]
[Board "9"]
[WhiteElo "1790"]
[BlackElo "1594"]
[WhiteClock "00:11:46"]
[BlackClock "00:03:07"]
[PlyCount "39"]
[WhiteFideId "16200594"]
[BlackFideId "12999008"]
[EventCountry "GER"]
[EventRounds "9"]
[EventType "swiss"]
[EventDate "2021.08.22"]

1. e4 {[%clk 1:30:58]} d5 {[%clk 1:30:53]} 2. exd5 {[%clk 1:31:23]} Qxd5 {[%clk
1:31:14]} 3. Nc3 {[%clk 1:31:48]} Qa5 {[%clk 1:31:05]} 4. Nf3 {[%clk 1:29:14]}
Nf6 {[%clk 1:30:29]} 5. d4 {[%clk 1:28:26]} c6 {[%clk 1:30:38]} 6. Bc4 {[%clk
1:26:30]} Bf5 {[%clk 1:30:25]} 7. Bd2 {[%clk 1:16:53]} e6 {[%clk 1:29:02]} 8.
Qe2 {[%clk 1:04:13]} Bxc2 {[%clk 1:18:10]} 9. Rc1 {[%clk 1:02:28]} Bf5 {[%clk
1:11:18]} 10. d5 {[%clk 0:54:58]} Qd8 {[%clk 0:51:29]} 11. dxe6 {[%clk
0:52:13]} fxe6 {[%clk 0:42:24]} 12. Ng5 {[%clk 0:45:06]} Qe7 {[%clk 0:36:12]}
13. Nxe6 {[%clk 0:30:57]} Bxe6 {[%clk 0:32:02]} 14. Bxe6 {[%clk 0:31:03]} Nbd7
{[%clk 0:26:06]} 15. b4 {[%clk 0:21:05]} g6 {[%clk 0:10:36]} 16. O-O {[%clk
0:19:41]} Bg7 {[%clk 0:08:48]} 17. Rfe1 {[%clk 0:19:11]} Kf8 {[%clk 0:06:46]}
18. Qf3 {[%clk 0:15:19]} Qd6 {[%clk 0:04:10]} 19. Bf4 {[%clk 0:13:00]} Qe7
{[%clk 0:03:07]} 20. Rcd1 {[%clk 0:11:46]} 1-0

[Event "DEM U18w 2021"]
[Site "Willingen GER"]
[Date "2021.08.29"]
[Round "9"]
[White "Biermann, Sophie"]
[Black "Nizamova, Rita"]
[Result "0-1"]
[Termination "normal"]
[Board "10"]
[WhiteElo "1652"]
[BlackElo "1754"]
[WhiteClock "00:28:02"]
[BlackClock "00:22:58"]
[PlyCount "132"]
[WhiteFideId "16208960"]
[BlackFideId "16221940"]
[EventCountry "GER"]
[EventRounds "9"]
[EventType "swiss"]
[EventDate "2021.08.22"]

1. d4 {[%clk 1:30:56]} e5 {[%clk 1:30:56]} 2. dxe5 {[%clk 1:26:44]} d6 {[%clk
1:31:19]} 3. Bf4 {[%clk 1:22:04]} Nc6 {[%clk 1:31:35]} 4. exd6 {[%clk 1:21:20]}
Qf6 {[%clk 1:31:58]} 5. Qc1 {[%clk 1:17:24]} Bxd6 {[%clk 1:28:07]} 6. Bxd6
{[%clk 1:15:28]} Qxd6 {[%clk 1:28:30]} 7. c3 {[%clk 1:13:06]} Bf5 {[%clk
1:27:39]} 8. Nf3 {[%clk 1:09:20]} O-O-O {[%clk 1:26:52]} 9. e3 {[%clk 1:07:50]}
Nf6 {[%clk 1:26:05]} 10. Be2 {[%clk 1:07:03]} h5 {[%clk 1:23:02]} 11. Nbd2
{[%clk 1:06:15]} h4 {[%clk 1:21:18]} 12. Qd1 {[%clk 1:04:13]} Kb8 {[%clk
1:16:13]} 13. Qa4 {[%clk 1:01:43]} g5 {[%clk 1:14:58]} 14. O-O-O {[%clk
0:58:38]} g4 {[%clk 1:12:57]} 15. Ng5 {[%clk 0:57:02]} Qe7 {[%clk 1:12:00]} 16.
Qf4 {[%clk 0:54:35]} Bg6 {[%clk 1:09:34]} 17. e4 {[%clk 0:31:50]} Ne5 {[%clk
0:27:57]} 18. Qe3 {[%clk 0:26:58]} Nh5 {[%clk 0:18:51]} 19. f4 {[%clk 0:24:34]}
gxf3 {[%clk 0:18:51]} 20. Ngxf3 {[%clk 0:23:58]} Ng4 {[%clk 0:18:22]} 21. Qg1
{[%clk 0:21:40]} Bxe4 {[%clk 0:15:39]} 22. Nd4 {[%clk 0:17:31]} f5 {[%clk
0:10:52]} 23. h3 {[%clk 0:12:41]} Ngf6 {[%clk 0:05:14]} 24. Bxh5 {[%clk
0:09:42]} Nxh5 {[%clk 0:05:29]} 25. Qe3 {[%clk 0:09:55]} Ng3 {[%clk 0:05:28]}
26. Rhe1 {[%clk 0:10:15]} Qf7 {[%clk 0:05:26]} 27. N2f3 {[%clk 0:08:05]} Qxa2
{[%clk 0:05:31]} 28. Nc2 {[%clk 0:06:42]} Qa4 {[%clk 0:04:24]} 29. Qf2 {[%clk
0:05:10]} Bxc2 {[%clk 0:02:46]} 30. Qxc2 {[%clk 0:05:31]} Qa1+ 31. Qb1 Qxb1+
{[%clk 0:02:23]} 32. Kxb1 {[%clk 0:05:49]} Rxd1+ {[%clk 0:02:48]} 33. Rxd1
{[%clk 0:06:05]} Kc8 {[%clk 0:02:52]} 34. Rd4 {[%clk 0:05:12]} Re8 {[%clk
0:01:44]} 35. Nxh4 {[%clk 0:04:28]} Re1+ {[%clk 0:01:48]} 36. Ka2 {[%clk
0:02:58]} Re2 {[%clk 0:02:08]} 37. Rf4 {[%clk 0:01:51]} Ne4 38. Rf3 {[%clk
0:01:12]} Kd7 {[%clk 0:01:16]} 39. Ka3 {[%clk 0:01:01]} Nd2 {[%clk 0:01:16]}
40. Nxf5 {[%clk 0:00:47]} Nxf3 {[%clk 0:01:32]} 41. gxf3 {[%clk 0:00:53]} Rh2
{[%clk 0:01:48]} 42. h4 {[%clk 0:29:49]} Ke6 {[%clk 0:29:26]} 43. Ng7+ {[%clk
0:29:53]} Kf7 {[%clk 0:29:46]} 44. Nf5 {[%clk 0:30:09]} Kf6 {[%clk 0:30:00]}
45. Nd4 {[%clk 0:30:12]} c6 {[%clk 0:30:09]} 46. b4 {[%clk 0:30:05]} Rxh4
{[%clk 0:30:18]} 47. Ka4 {[%clk 0:30:18]} Ke5 {[%clk 0:29:45]} 48. Nb3 {[%clk
0:29:46]} Rc4 {[%clk 0:29:23]} 49. Nc5 {[%clk 0:29:41]} b6 {[%clk 0:28:12]} 50.
Nd3+ {[%clk 0:29:37]} Ke6 {[%clk 0:27:23]} 51. Kb3 {[%clk 0:29:51]} Rh4 {[%clk
0:27:49]} 52. c4 {[%clk 0:29:24]} Rh1 {[%clk 0:25:59]} 53. f4 {[%clk 0:29:29]}
Rh3 {[%clk 0:25:15]} 54. Kc2 {[%clk 0:29:48]} Kf5 {[%clk 0:25:35]} 55. Kd2
{[%clk 0:29:55]} Rxd3+ {[%clk 0:22:52]} 56. Kxd3 {[%clk 0:30:17]} Kxf4 {[%clk
0:23:18]} 57. c5 {[%clk 0:27:39]} bxc5 {[%clk 0:21:24]} 58. bxc5 {[%clk
0:27:38]} Ke5 {[%clk 0:21:47]} 59. Kc4 {[%clk 0:27:32]} a5 {[%clk 0:22:12]} 60.
Kb3 {[%clk 0:27:34]} Kd4 {[%clk 0:22:23]} 61. Ka4 {[%clk 0:27:44]} Kxc5 {[%clk
0:21:59]} 62. Kxa5 {[%clk 0:28:07]} Kc4 {[%clk 0:22:19]} 63. Ka4 {[%clk
0:28:26]} c5 {[%clk 0:22:25]} 64. Ka3 {[%clk 0:28:43]} Kc3 {[%clk 0:22:53]} 65.
Ka2 {[%clk 0:28:57]} c4 {[%clk 0:22:29]} 66. Kb1 {[%clk 0:28:02]} Kd2 {[%clk
0:22:58]} 0-1

[Event "DEM U18w 2021"]
[Site "Willingen GER"]
[Date "2021.08.29"]
[Round "9"]
[White "Cheredzhiyska, Iva"]
[Black "Zell, Hannah"]
[Result "1-0"]
[Termination "normal"]
[Board "11"]
[WhiteElo "1571"]
[BlackElo "1614"]
[WhiteClock "00:26:21"]
[BlackClock "00:05:01"]
[PlyCount "45"]
[WhiteFideId "16241622"]
[BlackFideId "16208900"]
[EventCountry "GER"]
[EventRounds "9"]
[EventType "swiss"]
[EventDate "2021.08.22"]

1. e4 {[%clk 1:30:38]} e5 {[%clk 1:30:52]} 2. Nf3 {[%clk 1:31:04]} Nc6 {[%clk
1:31:07]} 3. d4 {[%clk 1:31:28]} exd4 {[%clk 1:31:26]} 4. Nxd4 {[%clk 1:31:54]}
Bc5 {[%clk 1:31:35]} 5. Nb3 {[%clk 1:31:58]} Bb6 {[%clk 1:31:48]} 6. Nc3 {[%clk
1:31:18]} Nf6 {[%clk 1:29:59]} 7. Qe2 {[%clk 1:30:58]} d6 {[%clk 1:29:56]} 8.
Be3 {[%clk 1:28:53]} O-O {[%clk 1:28:42]} 9. f3 {[%clk 1:26:35]} Be6 {[%clk
1:26:37]} 10. O-O-O {[%clk 1:24:30]} Re8 {[%clk 1:24:45]} 11. g4 {[%clk
1:11:58]} Ne5 {[%clk 1:03:00]} 12. Nd4 {[%clk 1:04:33]} Qc8 {[%clk 0:43:59]}
13. Nxe6 {[%clk 0:55:31]} Qxe6 {[%clk 0:41:07]} 14. h4 {[%clk 0:51:07]} Nc6
{[%clk 0:33:59]} 15. g5 {[%clk 0:44:58]} Nd7 {[%clk 0:30:50]} 16. Bh3 {[%clk
0:44:31]} Qe7 {[%clk 0:26:35]} 17. Nd5 {[%clk 0:43:28]} Bxe3+ {[%clk 0:24:27]}
18. Qxe3 {[%clk 0:43:46]} Qd8 {[%clk 0:24:08]} 19. Rdg1 {[%clk 0:39:41]} Ncb8
{[%clk 0:18:50]} 20. Qc3 {[%clk 0:35:59]} c6 {[%clk 0:17:31]} 21. Ne3 {[%clk
0:34:08]} Nf8 {[%clk 0:12:12]} 22. h5 {[%clk 0:27:21]} b6 {[%clk 0:05:01]} 23.
h6 {[%clk 0:26:21]} 1-0

[Event "DEM U16 2021"]
[Site "Willingen GER"]
[Date "2021.08.23"]
[Round "1"]
[White "Lutz, Ruben"]
[Black "Bethke, Richard"]
[Result "0-1"]
[Termination "normal"]
[Board "1"]
[BlackTitle "FM"]
[WhiteElo "2108"]
[BlackElo "2337"]
[WhiteClock "00:00:37"]
[BlackClock "00:15:36"]
[PlyCount "76"]
[WhiteFideId "12975974"]
[BlackFideId "12959243"]
[EventCountry "GER"]
[EventRounds "9"]
[EventType "swiss"]
[EventDate "2021.08.22"]

1. d4 {[%clk 1:30:58]} e6 {[%clk 1:30:54]} 2. Nf3 {[%clk 1:31:14]} f5 {[%clk
1:31:19]} 3. Bg5 {[%clk 1:30:30]} Be7 {[%clk 1:31:44]} 4. Bxe7 {[%clk 1:30:54]}
Qxe7 {[%clk 1:32:09]} 5. Nbd2 {[%clk 1:31:07]} Nf6 {[%clk 1:31:58]} 6. e3
{[%clk 1:31:28]} d6 {[%clk 1:30:59]} 7. Bd3 {[%clk 1:18:28]} e5 {[%clk
1:30:07]} 8. dxe5 {[%clk 1:17:28]} dxe5 {[%clk 1:30:30]} 9. e4 {[%clk 1:16:05]}
f4 {[%clk 1:29:55]} 10. c3 {[%clk 1:12:58]} Nbd7 {[%clk 1:24:58]} 11. Nc4
{[%clk 1:07:23]} b6 {[%clk 1:20:15]} 12. O-O {[%clk 1:02:38]} Bb7 {[%clk
1:19:51]} 13. Re1 {[%clk 0:56:35]} Rd8 {[%clk 1:11:52]} 14. b4 {[%clk 0:55:18]}
O-O {[%clk 1:09:04]} 15. a4 {[%clk 0:50:34]} Kh8 {[%clk 1:07:26]} 16. Qe2
{[%clk 0:44:26]} Rg8 {[%clk 1:06:34]} 17. a5 {[%clk 0:33:34]} g5 {[%clk
1:03:17]} 18. axb6 {[%clk 0:33:08]} axb6 {[%clk 1:03:42]} 19. Ra7 {[%clk
0:32:06]} Rb8 {[%clk 1:03:56]} 20. Kh1 {[%clk 0:24:24]} Ne8 {[%clk 0:59:21]}
21. Nfd2 {[%clk 0:22:38]} g4 {[%clk 0:55:54]} 22. Nf1 {[%clk 0:18:42]} Qh4
{[%clk 0:52:16]} 23. Bc2 {[%clk 0:14:15]} Nd6 {[%clk 0:48:37]} 24. Nxd6 {[%clk
0:11:13]} cxd6 {[%clk 0:47:00]} 25. Rd1 {[%clk 0:06:32]} f3 {[%clk 0:44:20]}
26. Qe3 {[%clk 0:03:57]} Rg6 {[%clk 0:42:27]} 27. Rd2 {[%clk 0:01:24]} b5
{[%clk 0:33:59]} 28. Bb3 {[%clk 0:01:00]} Nf6 {[%clk 0:32:09]} 29. Bd5 {[%clk
0:00:53]} Bxd5 {[%clk 0:30:52]} 30. exd5 {[%clk 0:01:20]} Nh5 {[%clk 0:29:24]}
31. Rf7 {[%clk 0:00:44]} Nf4 {[%clk 0:28:05]} 32. Rxf4 {[%clk 0:00:39]} exf4
{[%clk 0:26:23]} 33. Qxf4 {[%clk 0:00:44]} fxg2+ {[%clk 0:19:27]} 34. Kxg2
{[%clk 0:01:09]} Qh3+ {[%clk 0:19:44]} 35. Kg1 {[%clk 0:01:28]} Qxc3 {[%clk
0:19:43]} 36. Re2 {[%clk 0:00:41]} Rf6 {[%clk 0:16:55]} 37. Qg5 {[%clk
0:00:36]} Qf3 {[%clk 0:16:08]} 38. Ng3 {[%clk 0:00:37]} Ra8 {[%clk 0:15:36]}
0-1

[Event "DEM U16 2021"]
[Site "Willingen GER"]
[Date "2021.08.23"]
[Round "1"]
[White "Colbow, Collin"]
[Black "Gallasch, Jonas"]
[Result "1/2-1/2"]
[Termination "normal"]
[Board "2"]
[WhiteTitle "FM"]
[WhiteElo "2356"]
[BlackElo "2046"]
[WhiteClock "00:00:47"]
[BlackClock "00:00:57"]
[PlyCount "133"]
[WhiteFideId "16201132"]
[BlackFideId "16222474"]
[EventCountry "GER"]
[EventRounds "9"]
[EventType "swiss"]
[EventDate "2021.08.22"]

1. e4 {[%clk 1:30:55]} c6 {[%clk 1:30:54]} 2. Nf3 {[%clk 1:31:14]} d5 {[%clk
1:31:16]} 3. d3 {[%clk 1:31:37]} dxe4 {[%clk 1:26:27]} 4. dxe4 {[%clk 1:31:59]}
Qxd1+ {[%clk 1:26:46]} 5. Kxd1 {[%clk 1:32:22]} f6 {[%clk 1:25:34]} 6. Ne1
{[%clk 1:26:00]} e5 {[%clk 1:21:06]} 7. Bc4 {[%clk 1:20:50]} Bd6 {[%clk
1:16:38]} 8. Nd3 {[%clk 1:16:17]} Bg4+ {[%clk 1:05:09]} 9. f3 {[%clk 1:16:14]}
Bh5 {[%clk 1:05:32]} 10. Be3 {[%clk 1:10:17]} Nd7 {[%clk 1:02:47]} 11. a4
{[%clk 0:57:57]} Nh6 {[%clk 0:53:13]} 12. Nd2 {[%clk 0:51:40]} Ke7 {[%clk
0:44:44]} 13. a5 {[%clk 0:34:07]} b5 {[%clk 0:37:52]} 14. Ba2 {[%clk 0:30:48]}
a6 {[%clk 0:32:09]} 15. c4 {[%clk 0:25:56]} Rac8 {[%clk 0:30:20]} 16. Ke2
{[%clk 0:21:58]} Bf7 {[%clk 0:26:11]} 17. Rhc1 {[%clk 0:12:39]} c5 {[%clk
0:16:04]} 18. b4 {[%clk 0:11:07]} bxc4 {[%clk 0:11:01]} 19. Nxc4 {[%clk
0:11:17]} Bxc4 {[%clk 0:08:53]} 20. Rxc4 {[%clk 0:09:24]} cxb4 {[%clk 0:07:42]}
21. Nxb4 {[%clk 0:09:27]} Bxb4 {[%clk 0:07:36]} 22. Rxb4 {[%clk 0:09:51]} Rc2+
{[%clk 0:07:45]} 23. Bd2 {[%clk 0:09:33]} Rhc8 {[%clk 0:06:51]} 24. Rb7 {[%clk
0:06:16]} R8c7 {[%clk 0:05:38]} 25. Rxc7 {[%clk 0:05:46]} Rxc7 {[%clk 0:06:02]}
26. Bb4+ {[%clk 0:06:12]} Ke8 {[%clk 0:05:18]} 27. Kd3 {[%clk 0:05:53]} Nf7
{[%clk 0:03:41]} 28. Bc4 {[%clk 0:03:55]} Rc6 {[%clk 0:03:19]} 29. Bd5 {[%clk
0:03:08]} Rc7 {[%clk 0:03:23]} 30. Kd2 {[%clk 0:02:08]} h6 {[%clk 0:01:25]} 31.
Rb1 {[%clk 0:02:03]} Nd8 {[%clk 0:01:03]} 32. Bd6 {[%clk 0:02:07]} Rc8 {[%clk
0:01:09]} 33. h4 {[%clk 0:01:09]} Nc6 {[%clk 0:00:53]} 34. Rc1 {[%clk 0:00:43]}
Na7 {[%clk 0:01:05]} 35. Bb7 {[%clk 0:00:42]} Rxc1 {[%clk 0:01:16]} 36. Kxc1
{[%clk 0:01:11]} Nb5 {[%clk 0:01:38]} 37. Bb4 {[%clk 0:01:09]} Nb8 {[%clk
0:01:50]} 38. h5 {[%clk 0:01:07]} Nc7 {[%clk 0:01:27]} 39. Kd2 {[%clk 0:00:49]}
Kd7 {[%clk 0:01:41]} 40. Kd3 {[%clk 0:00:36]} Ne6 {[%clk 0:00:42]} 41. g3
{[%clk 0:22:11]} Kc7 {[%clk 0:09:50]} 42. Bd5 {[%clk 0:20:19]} Kd7 {[%clk
0:10:17]} 43. Kc4 {[%clk 0:11:26]} Nc6 {[%clk 0:09:40]} 44. Bxe6+ {[%clk
0:10:01]} Kxe6 {[%clk 0:10:02]} 45. Bc3 {[%clk 0:10:03]} Kd6 {[%clk 0:10:21]}
46. f4 {[%clk 0:10:01]} Nd8 {[%clk 0:09:09]} 47. Bb4+ {[%clk 0:02:14]} Kc6
{[%clk 0:09:01]} 48. f5 {[%clk 0:01:20]} Nb7 {[%clk 0:08:43]} 49. Bf8 {[%clk
0:01:30]} Nd6+ {[%clk 0:09:06]} 50. Kd3 {[%clk 0:01:55]} Ne8 {[%clk 0:09:30]}
51. Kc4 {[%clk 0:02:12]} Nd6+ {[%clk 0:09:53]} 52. Kb4 {[%clk 0:00:40]} Nxe4
{[%clk 0:09:20]} 53. g4 {[%clk 0:00:50]} Nf2 {[%clk 0:02:05]} 54. g5 {[%clk
0:01:17]} Ne4 {[%clk 0:01:25]} 55. Bxg7 {[%clk 0:01:31]} fxg5 {[%clk 0:01:04]}
56. f6 {[%clk 0:00:39]} Nd6 {[%clk 0:01:27]} 57. Bxh6 {[%clk 0:01:03]} Nf7
{[%clk 0:01:37]} 58. Bf8 {[%clk 0:01:21]} Kd5 {[%clk 0:01:15]} 59. Kc3 {[%clk
0:01:08]} g4 {[%clk 0:00:54]} 60. Kd3 {[%clk 0:01:09]} Ke6 {[%clk 0:00:56]} 61.
Be7 {[%clk 0:00:35]} Kf5 {[%clk 0:00:53]} 62. Ke3 {[%clk 0:00:41]} Kg5 {[%clk
0:01:03]} 63. Ke4 {[%clk 0:00:55]} Kxh5 {[%clk 0:01:20]} 64. Kf5 {[%clk
0:01:16]} g3 {[%clk 0:01:41]} 65. Bc5 {[%clk 0:01:21]} g2 {[%clk 0:00:55]} 66.
Ba7 {[%clk 0:00:47]} Kh6 {[%clk 0:00:57]} 67. Ke4 1/2-1/2

[Event "DEM U16 2021"]
[Site "Willingen GER"]
[Date "2021.08.23"]
[Round "1"]
[White "Haufe, Laurin"]
[Black "Pubantz, Jan"]
[Result "0-1"]
[Termination "normal"]
[Board "3"]
[WhiteElo "2013"]
[BlackElo "2268"]
[WhiteClock "00:00:35"]
[BlackClock "00:02:58"]
[PlyCount "76"]
[WhiteFideId "12976504"]
[BlackFideId "12996114"]
[EventCountry "GER"]
[EventRounds "9"]
[EventType "swiss"]
[EventDate "2021.08.22"]

1. e4 {[%clk 1:30:58]} c6 {[%clk 1:30:56]} 2. d4 {[%clk 1:31:23]} d5 {[%clk
1:31:23]} 3. Nc3 {[%clk 1:31:48]} dxe4 {[%clk 1:31:48]} 4. Nxe4 {[%clk
1:32:13]} Nf6 {[%clk 1:32:14]} 5. Nxf6+ {[%clk 1:32:37]} exf6 {[%clk 1:32:40]}
6. c3 {[%clk 1:33:03]} Bd6 {[%clk 1:33:03]} 7. Bd3 {[%clk 1:33:26]} O-O {[%clk
1:33:22]} 8. Qc2 {[%clk 1:33:44]} Re8+ {[%clk 1:33:28]} 9. Ne2 {[%clk 1:34:09]}
h5 {[%clk 1:33:41]} 10. O-O {[%clk 1:34:30]} h4 {[%clk 1:33:37]} 11. h3 {[%clk
1:34:39]} Nd7 {[%clk 1:32:21]} 12. Bd2 {[%clk 1:34:59]} Nf8 {[%clk 1:31:21]}
13. Rae1 {[%clk 1:35:23]} Bc7 {[%clk 1:30:30]} 14. f4 {[%clk 1:33:50]} g6
{[%clk 1:30:39]} 15. Kh1 {[%clk 1:25:43]} f5 {[%clk 1:16:57]} 16. b3 {[%clk
1:15:55]} Nh7 {[%clk 1:07:30]} 17. Ng1 {[%clk 1:10:33]} Be6 {[%clk 1:01:01]}
18. Rd1 {[%clk 0:56:51]} Nf6 {[%clk 0:58:16]} 19. Be1 {[%clk 0:51:40]} Nh5
{[%clk 0:50:41]} 20. Qd2 {[%clk 0:44:37]} Bd5 {[%clk 0:40:59]} 21. Ne2 {[%clk
0:28:31]} Be4 {[%clk 0:33:36]} 22. Nc1 {[%clk 0:19:41]} Qe7 {[%clk 0:17:21]}
23. Bxe4 {[%clk 0:07:59]} fxe4 {[%clk 0:17:49]} 24. Ne2 {[%clk 0:07:03]} Ng7
{[%clk 0:16:04]} 25. c4 {[%clk 0:05:14]} Rad8 {[%clk 0:16:09]} 26. Qc3 {[%clk
0:04:26]} Nf5 {[%clk 0:16:08]} 27. Bf2 {[%clk 0:03:46]} e3 {[%clk 0:14:21]} 28.
Bg1 {[%clk 0:02:58]} Qe4 {[%clk 0:10:33]} 29. Rf3 {[%clk 0:02:29]} Rd7 {[%clk
0:10:13]} 30. Qd3 {[%clk 0:01:47]} Ba5 {[%clk 0:09:33]} 31. Qxe4 {[%clk
0:01:09]} Rxe4 {[%clk 0:10:01]} 32. Rd3 {[%clk 0:01:29]} Bd2 {[%clk 0:09:00]}
33. a4 {[%clk 0:00:42]} Rde7 {[%clk 0:06:40]} 34. d5 {[%clk 0:00:33]} cxd5
{[%clk 0:02:42]} 35. cxd5 {[%clk 0:00:54]} Ng3+ {[%clk 0:02:32]} 36. Nxg3
{[%clk 0:01:16]} hxg3 {[%clk 0:02:54]} 37. d6 {[%clk 0:00:35]} e2 {[%clk
0:02:58]} 38. d7 {[%clk 0:00:35]} Rxd7 0-1